[Event "Rated Blitz tournament 8oXavcq8"]
[Site "?"]
[Date "2021.04.11"]
[Round "?"]
[White "Gnkara07"]
[Black "Akbas_Kaan"]
[Result "1-0"]
[WhiteElo "2239"]
[BlackElo "2442"]
[PlyCount "103"]
[EventDate "2021.??.??"]
[EventType "blitz"]

1. e4 e5 2. Nf3 d5 3. Nxe5 Bd6 4. d4 dxe4 5. Bc4 Bxe5 6. dxe5 Qxd1+ 7. Kxd1 Nc6
8. Bf4 Nge7 9. Nc3 Ng6 10. Bg3 Ngxe5 11. Bb5 O-O 12. Nxe4 Bf5 13. Nc3 Rad8+ 14.
Kc1 a6 15. Be2 Ng6 16. h4 Nd4 17. Bd1 c5 18. h5 Ne7 19. b3 Nd5 20. Kb2 Nxc3 21.
Kxc3 b5 22. Be5 Rfe8 23. Bxd4 Rxd4 24. a3 a5 25. Bf3 b4+ 26. axb4 axb4+ 27. Kb2
Rd2 28. Rhc1 Rxf2 29. Ra5 g6 30. Rxc5 Be4 31. Bxe4 Rxe4 32. hxg6 hxg6 33. Rc4
Rxc4 34. bxc4 Rxg2 35. Kb3 g5 36. Kxb4 g4 37. c5 Re2 38. c6 Kf8 39. c4 Ke7 40.
Rd1 Rb2+ 41. Kc5 Rb8 42. c7 Rg8 43. Kc6 f5 44. Kb7 g3 45. c5 f4 46. c6 f3 47.
Rd8 f2 48. Rxg8 f1=Q 49. Rg7+ Kf8 50. c8=Q+ Kxg7 51. Qd7+ Kg6 52. Qg4+ {
Time forfeit} 1-0

[Event "Rated Blitz game"]
[Site "?"]
[Date "2021.04.11"]
[Round "?"]
[White "Grygoriy12345"]
[Black "Taabling"]
[Result "0-1"]
[WhiteElo "2468"]
[BlackElo "2419"]
[PlyCount "48"]
[EventDate "2021.??.??"]
[EventType "blitz"]

1. e4 e5 2. Nf3 d5 3. d3 Nc6 4. Nbd2 Nf6 5. Be2 g6 6. O-O Bg7 7. c3 O-O 8. Qc2
a5 9. b3 Re8 10. Bb2 b6 11. a3 Bb7 12. Rfe1 h6 13. b4 axb4 14. cxb4 Qd7 15.
Rac1 Rac8 16. Bf1 dxe4 17. dxe4 Nd4 18. Nxd4 exd4 19. b5 Ng4 20. Nc4 Qxb5 21.
Nd6 Qe5 22. g3 Qxd6 23. h3 Ne5 24. f4 Nf3+ {Normal} 0-1

[Event "Rated Blitz game"]
[Site "?"]
[Date "2021.04.11"]
[Round "?"]
[White "Sergeant_Fedorov"]
[Black "annaly1979"]
[Result "0-1"]
[WhiteElo "2555"]
[BlackElo "2384"]
[PlyCount "74"]
[EventDate "2021.??.??"]
[EventType "blitz"]

1. e4 e5 2. Nf3 d5 3. exd5 e4 4. Qe2 f5 5. Nd4 Nf6 6. c4 c5 7. Nc2 Bd6 8. d4
O-O 9. Nc3 a6 10. a4 Nbd7 11. h3 Qe7 12. a5 cxd4 13. Nxd4 Nc5 14. Qc2 Nd3+ 15.
Kd1 Be5 16. Bxd3 Bxd4 17. Bf1 Bd7 18. Be3 Bxe3 19. fxe3 Rac8 20. Qd2 Qe5 21.
Qd4 Qg3 22. b4 f4 23. Ra2 f3 24. Nxe4 Nxe4 25. Qxe4 fxg2 26. Rxg2 Ba4+ 27. Kd2
Rf2+ 28. Kc3 Rxg2 29. Bxg2 Re8 30. Kd4 Rxe4+ 31. Bxe4 g6 32. Ra1 Bd7 33. Ra3
Qe1 34. Rc3 Qd2+ 35. Bd3 Bf5 36. e4 Bxe4 37. c5 Bxd3 {Time forfeit} 0-1

[Event "Rated Blitz tournament eUisp0Ym"]
[Site "?"]
[Date "2021.04.11"]
[Round "?"]
[White "LANATER2020"]
[Black "om_gendut"]
[Result "1/2-1/2"]
[WhiteElo "2451"]
[BlackElo "2419"]
[PlyCount "31"]
[EventDate "2021.??.??"]
[EventType "blitz"]

1. e4 e5 2. Nf3 d5 3. Nxe5 Bd6 4. d4 dxe4 5. Nc4 Be7 6. Bf4 Nf6 7. Ne3 O-O 8.
c4 Bd6 9. Bxd6 Qxd6 10. Nc3 Nc6 11. d5 Ne5 12. Qd4 Nc6 13. Qd2 Ne5 14. Qd4 Nc6
15. Qd2 Ne5 16. Qd4 {Normal} 1/2-1/2

[Event "Rated Blitz tournament UAQLcdqY"]
[Site "?"]
[Date "2021.04.11"]
[Round "?"]
[White "RanchoWangdu"]
[Black "Minty0209"]
[Result "1-0"]
[WhiteElo "2501"]
[BlackElo "2220"]
[PlyCount "75"]
[EventDate "2021.??.??"]
[EventType "blitz"]

1. e4 e5 2. Nf3 d5 3. exd5 e4 4. Qe2 Qe7 5. Nd4 Qe5 6. Nb5 a6 7. d4 Qe7 8. N5c3
f5 9. Bf4 Nf6 10. Nd2 c6 11. d6 Qe6 12. f3 Bxd6 13. Bxd6 Qxd6 14. fxe4 Qxd4 15.
exf5+ Kd8 16. O-O-O Nbd7 17. Nc4 Qf4+ 18. Kb1 Re8 19. Qd3 b5 20. Nb6 Ra7 21.
Be2 Kc7 22. Nxd7 Bxd7 23. Rhf1 Qe5 24. Bf3 Bxf5 25. Qd2 Kb6 26. Qf2+ Qc5 27.
Bxc6 Qxf2 28. Rxf2 Bxc2+ 29. Rxc2 Kxc6 30. Ne4+ Kb6 31. Nxf6 gxf6 32. Rd6+ Ka5
33. a3 Re1+ 34. Ka2 Re3 35. Rxf6 Rd3 36. Rcf2 Rad7 37. b4+ Ka4 38. Rxa6# {
Normal} 1-0

[Event "Rated Blitz game"]
[Site "?"]
[Date "2021.04.11"]
[Round "?"]
[White "sgillani051"]
[Black "Lasker-on-speed"]
[Result "1-0"]
[WhiteElo "2456"]
[BlackElo "2277"]
[PlyCount "65"]
[EventDate "2021.??.??"]
[EventType "blitz"]

1. e4 e5 2. Nf3 d5 3. exd5 Bd6 4. d4 e4 5. Nfd2 Nf6 6. c4 c5 7. dxc5 Bxc5 8.
Nb3 Bb4+ 9. Bd2 Bxd2+ 10. N1xd2 O-O 11. Be2 b5 12. O-O Nbd7 13. cxb5 Nb6 14.
Nc5 Bf5 15. Nc4 Nfxd5 16. Nxb6 axb6 17. Bc4 Nb4 18. Na6 Qe7 19. Nxb4 Qxb4 20.
Qb3 Qe7 21. Rfe1 Rfe8 22. Re3 Bg6 23. Rae1 Kh8 24. Bd5 Rad8 25. Bc6 f5 26. Bxe8
Rxe8 27. f3 f4 28. Rxe4 Qc5+ 29. Kf1 Bxe4 30. Rxe4 Rxe4 31. fxe4 Qc1+ 32. Kf2
Qd2+ 33. Kf3 {Normal} 1-0

[Event "Rated Blitz tournament XYzTiDMc"]
[Site "?"]
[Date "2021.04.11"]
[Round "?"]
[White "Frutek"]
[Black "Maltinho"]
[Result "1-0"]
[WhiteElo "2458"]
[BlackElo "2544"]
[PlyCount "99"]
[EventDate "2021.??.??"]
[EventType "blitz"]

1. e4 e5 2. Nf3 d5 3. d4 dxe4 4. Nxe5 Bd6 5. Bc4 Bxe5 6. Qh5 Qe7 7. dxe5 Nc6 8.
Bg5 Qb4+ 9. Nd2 Nxe5 10. Bb3 Bg4 11. Qh4 f6 12. Qg3 Ne7 13. h3 Bh5 14. Qf4
O-O-O 15. g4 Bg6 16. O-O-O Nd5 17. Qg3 Rhe8 18. Bf4 Nxf4 19. Qxf4 a5 20. a3 Qb5
21. a4 Qb4 22. Qe3 c5 23. c3 Qb6 24. Bc4 Nd3+ 25. Bxd3 exd3 26. Qf4 Re2 27.
Rhe1 Qe6 28. Rf1 Re8 29. g5 Bf7 30. Qg4 c4 31. Qxe6+ Bxe6 32. gxf6 gxf6 33. f4
Bf5 34. Rg1 b5 35. axb5 a4 36. Rg7 a3 37. bxa3 R2e7 38. Rxe7 Rxe7 39. Nf3 Be4
40. Nd4 Rb7 41. Re1 f5 42. Kd2 Kc7 43. a4 Kb6 44. a5+ Kxa5 45. Ra1+ Kb6 46.
Ra6+ Kc5 47. Ne6+ Kd5 48. Nd4 Rd7 49. Ra5 Rd6 50. b6# {Normal} 1-0

[Event "Rated Blitz game"]
[Site "?"]
[Date "2021.04.11"]
[Round "?"]
[White "fidezivkovic"]
[Black "batasjon"]
[Result "0-1"]
[WhiteElo "2438"]
[BlackElo "2248"]
[PlyCount "86"]
[EventDate "2021.??.??"]
[EventType "blitz"]

1. e4 e5 2. Nf3 d5 3. Nxe5 Bd6 4. d4 dxe4 5. Nc3 Nf6 6. Bg5 O-O 7. Bc4 Nbd7 8.
Nxe4 Qe8 9. Nxf6+ gxf6 10. Bh6 Nxe5 11. dxe5 Qxe5+ 12. Qe2 Qxb2 13. O-O Qe5 14.
Qxe5 Bxe5 15. Bxf8 Bxa1 16. Bh6 Be5 17. Re1 Bd7 18. Bd5 Re8 19. g3 c6 20. Be4
f5 21. Bd3 Bg7 22. Rxe8+ Bxe8 23. Bxg7 Kxg7 24. Bxf5 h6 25. Kg2 Kf6 26. Bd3 Ke5
27. f4+ Kd4 28. Kf3 c5 29. Be4 b5 30. g4 b4 31. g5 hxg5 32. fxg5 a5 33. h4 a4
34. h5 f5 35. Bxf5 Bxh5+ 36. Kf4 Bf7 37. g6 Bxa2 38. g7 a3 39. Kg5 Bg8 40. Kf6
a2 41. Be6 Bxe6 42. Kxe6 a1=Q 43. g8=Q Qa2+ {Normal} 0-1

[Event "Rated Blitz game"]
[Site "?"]
[Date "2021.04.11"]
[Round "?"]
[White "afchex"]
[Black "anjaya01"]
[Result "1-0"]
[WhiteElo "2417"]
[BlackElo "2426"]
[PlyCount "69"]
[EventDate "2021.??.??"]
[EventType "blitz"]

1. e4 e5 2. Nf3 d5 3. Nxe5 Bd6 4. d4 dxe4 5. Nc4 f5 6. Nxd6+ Qxd6 7. g3 Nf6 8.
Bg2 O-O 9. O-O Nc6 10. c3 Be6 11. Bf4 Qd7 12. Nd2 Nd5 13. Be3 Rae8 14. c4 Nxe3
15. fxe3 Nxd4 16. exd4 Qxd4+ 17. Kh1 Rd8 18. Nb3 Qxc4 19. Qe1 Qb5 20. Qe3 b6
21. Nd4 Qc5 22. Rfd1 Bc8 23. Rac1 Qd6 24. Nb5 Qxd1+ 25. Rxd1 Rxd1+ 26. Bf1
Rxf1+ 27. Kg2 Rf3 28. Qg5 Bb7 29. Nxc7 e3 30. Ne6 Rf2+ 31. Kh3 g6 32. Qe7 Bg2+
33. Kh4 g5+ 34. Kxg5 h6+ 35. Kxh6 {Normal} 1-0

[Event "Rated Blitz game"]
[Site "?"]
[Date "2021.04.11"]
[Round "?"]
[White "strizibuba"]
[Black "Roberto_Baggio1978"]
[Result "0-1"]
[WhiteElo "2501"]
[BlackElo "2481"]
[PlyCount "98"]
[EventDate "2021.??.??"]
[EventType "blitz"]

1. e4 e5 2. Nf3 d5 3. exd5 e4 4. Nd4 Qxd5 5. Nb3 Nf6 6. Nc3 Qf5 7. d3 Bb4 8.
Bd2 Bxc3 9. Bxc3 O-O 10. d4 Nbd7 11. Be2 Nb6 12. Bd2 Nbd5 13. Qc1 b6 14. c4 Ne7
15. Be3 Ng6 16. h3 Bd7 17. Qc3 Nf4 18. Bf1 Ne6 19. d5 Nd8 20. Nd4 Qg6 21. O-O-O
Nb7 22. g4 Nc5 23. g5 Nh5 24. Be2 f5 25. gxf6 Rxf6 26. Rhg1 Qf7 27. Bxh5 Qxh5
28. Nb5 Qf7 29. Nxc7 Rc8 30. d6 Nd3+ 31. Kb1 Rxd6 32. Na6 Rdc6 33. b3 b5 34.
Nb4 bxc4 35. Nxc6 Rxc6 36. b4 Nxb4 37. Qxb4 c3 38. Ka1 c2 39. Rc1 Rc4 40. Qb2
Ba4 41. Bd4 g6 42. h4 Qd5 43. Bh8 Qd7 44. h5 Rc6 45. hxg6 hxg6 46. Bd4 Rd6 47.
Be5 Rb6 48. Qc3 Rb1+ 49. Rxb1 Bb3 {Time forfeit} 0-1

[Event "Rated Blitz tournament 8oXavcq8"]
[Site "?"]
[Date "2021.04.11"]
[Round "?"]
[White "satranCocuk_YouTube"]
[Black "aisa86"]
[Result "1-0"]
[WhiteElo "2235"]
[BlackElo "2461"]
[PlyCount "81"]
[EventDate "2021.??.??"]
[EventType "blitz"]

1. e4 e5 2. Nf3 d5 3. Nxe5 Bd6 4. d4 dxe4 5. Nc4 Nf6 6. Nc3 O-O 7. Be2 Nc6 8.
Nxd6 cxd6 9. O-O d5 10. f3 exf3 11. Bxf3 Ne4 12. Nxe4 dxe4 13. Bxe4 Qxd4+ 14.
Qxd4 Nxd4 15. Bd3 Be6 16. Be3 Rfd8 17. Rad1 Kf8 18. Bxd4 Rxd4 19. Rde1 Bxa2 20.
Bxh7 Re8 21. Rxe8+ Kxe8 22. Bd3 Bc4 23. Bxc4 Rxc4 24. c3 b5 25. Ra1 Rc7 26. Ra5
Rb7 27. Kf2 Kd7 28. Ke3 Kc6 29. Kd3 Rd7+ 30. Kc2 Kc5 31. Ra1 Re7 32. b4+ Kc4
33. Rd1 Re2+ 34. Rd2 Re4 35. h3 f5 36. g3 g6 37. h4 f4 38. g4 f3 39. h5 Rxg4
40. hxg6 f2 41. g7 {Normal} 1-0

[Event "Rated Blitz game"]
[Site "?"]
[Date "2021.04.11"]
[Round "?"]
[White "Davigator"]
[Black "pasha1984"]
[Result "0-1"]
[WhiteElo "2373"]
[BlackElo "2409"]
[PlyCount "28"]
[EventDate "2021.??.??"]
[EventType "blitz"]

1. e4 e5 2. Nf3 d5 3. Nxe5 dxe4 4. d4 Bd6 5. Nc4 Nc6 6. Nc3 Bb4 7. d5 Nce7 8.
Ne3 Nf6 9. Bc4 O-O 10. O-O Bxc3 11. bxc3 Re8 12. Qd4 b6 13. a4 c5 14. Rd1 cxd4
{Normal} 0-1

[Event "Rated Rapid game"]
[Site "?"]
[Date "2021.04.11"]
[Round "?"]
[White "a1928371870982730982"]
[Black "Boris-Trapsky"]
[Result "1-0"]
[WhiteElo "2758"]
[BlackElo "2345"]
[PlyCount "51"]
[EventDate "2021.??.??"]
[EventType "rapid"]

1. e4 e5 2. Nf3 d5 3. exd5 Bd6 4. d4 exd4 5. Qxd4 Nf6 6. Bg5 O-O 7. Bxf6 gxf6
8. Nc3 c5 9. Qd2 Bf5 10. O-O-O Qc7 11. Nb5 Qb6 12. Nh4 Bg6 13. f4 Rd8 14. f5 a5
15. fxg6 hxg6 16. Nxg6 fxg6 17. Qh6 Bf4+ 18. Qxf4 Nd7 19. d6 a4 20. Qh6 Ne5 21.
Bc4+ Nxc4 22. Qxg6+ Kf8 23. Qxf6+ Kg8 24. Rd3 Rf8 25. Rg3+ Kh7 26. Qh4# {Normal
} 1-0

[Event "Rated Blitz tournament U4B0G78I"]
[Site "?"]
[Date "2021.04.11"]
[Round "?"]
[White "Wamuwi01"]
[Black "lethalsaint"]
[Result "1-0"]
[WhiteElo "2247"]
[BlackElo "2531"]
[PlyCount "63"]
[EventDate "2021.??.??"]
[EventType "blitz"]

1. e4 e5 2. Nf3 d5 3. Nc3 dxe4 4. Nxe4 f5 5. Nc3 e4 6. Ng1 Bc5 7. d3 Nf6 8. Be3
Bxe3 9. fxe3 O-O 10. Qd2 Qe7 11. O-O-O Nc6 12. dxe4 fxe4 13. Bc4+ Be6 14. Bxe6+
Qxe6 15. Nge2 Rad8 16. Qe1 a6 17. Nf4 Qe5 18. Rf1 b5 19. Qe2 g5 20. Nh5 Rde8
21. Nxf6+ Rxf6 22. Rd5 Rxf1+ 23. Qxf1 Qe7 24. Qf5 Ne5 25. Nxe4 Rf8 26. Qxe5
Qxe5 27. Rxe5 h6 28. Re6 Kg7 29. Kd2 Rf1 30. Ke2 Rg1 31. Kf2 Rc1 32. Rc6 {
Normal} 1-0

[Event "Rated Blitz game"]
[Site "?"]
[Date "2021.04.11"]
[Round "?"]
[White "breaker90"]
[Black "pasha1984"]
[Result "0-1"]
[WhiteElo "2312"]
[BlackElo "2402"]
[PlyCount "90"]
[EventDate "2021.??.??"]
[EventType "blitz"]

1. e4 e5 2. Nf3 d5 3. Nxe5 dxe4 4. d4 Bd6 5. Nc4 Nc6 6. Nxd6+ Qxd6 7. Be2 Qg6
8. g3 Bh3 9. c3 O-O-O 10. Be3 Nf6 11. Nd2 h5 12. Qa4 Kb8 13. O-O-O Bg4 14. Bxg4
hxg4 15. Nc4 Nd5 16. Kb1 f5 17. Na5 Nxa5 18. Qxa5 Qb6 19. Qxb6 axb6 20. a3 Rh3
21. c4 Nf6 22. d5 Kc8 23. d6 Rxd6 24. Rxd6 cxd6 25. Bxb6 Kd7 26. Bd4 Ke6 27. b4
g5 28. Bxf6 Kxf6 29. a4 Ke5 30. Kc2 Kd4 31. Kb3 Kd3 32. a5 Ke2 33. b5 Kxf2 34.
Rd1 e3 35. Rxd6 e2 36. Re6 e1=Q 37. Rxe1 Kxe1 38. c5 f4 39. c6 bxc6 40. b6 fxg3
41. b7 gxh2+ 42. Kc4 Rh8 43. a6 h1=Q 44. a7 Qd5+ 45. Kc3 Qa5+ {Normal} 0-1

[Event "Rated Blitz game"]
[Site "?"]
[Date "2021.04.11"]
[Round "?"]
[White "LZ97"]
[Black "KamranShirazi"]
[Result "1/2-1/2"]
[WhiteElo "2510"]
[BlackElo "2525"]
[PlyCount "150"]
[EventDate "2021.??.??"]
[EventType "blitz"]

1. e4 e5 2. Nf3 d5 3. exd5 e4 4. Nd4 Qxd5 5. Nb3 Bd6 6. Nc3 Qe5 7. Qe2 Bf5 8.
g4 Bg6 9. h4 h5 10. g5 Nc6 11. Bg2 O-O-O 12. Nxe4 Bxe4 13. Qxe4 Qxe4+ 14. Bxe4
Re8 15. d3 f5 16. gxf6 Nxf6 17. f3 Ne5 18. O-O Nxe4 19. fxe4 Ng6 20. Bg5 Bg3
21. Rf7 Bxh4 22. Rxg7 Bxg5 23. Rxg6 Be3+ 24. Kh1 Ref8 25. Rg2 h4 26. Re2 Bb6
27. d4 c6 28. c3 Rf3 29. Rg1 Re8 30. Rg4 h3 31. Kh2 a5 32. Nd2 Bc7+ 33. e5 Rd3
34. Rg3 Rxg3 35. Kxg3 Rh8 36. Kh2 c5 37. Re3 cxd4 38. cxd4 Rd8 39. Rd3 Bxe5+
40. Kxh3 Bxd4 41. b3 Rh8+ 42. Kg4 Bb6 43. Rc3+ Bc7 44. Nf3 Rf8 45. Ng5 Rf4+ 46.
Kh5 Rf6 47. Ne4 Re6 48. Nc5 Re5+ 49. Kg6 b5 50. Kf6 Kd8 51. Ne6+ Rxe6+ 52. Kxe6
b4 53. Rd3+ Kc8 54. Kd5 Kb7 55. Kc5 Ka6 56. Kc6 Bb6 57. Rd7 Ba7 58. Rd8 a4 59.
Ra8 a3 60. Kc7 Ka5 61. Rxa7+ Kb5 62. Ra4 Kc5 63. Kb7 Kb5 64. Ka7 Kc5 65. Ka6
Kd4 66. Ka5 Kc3 67. Rxb4 Kb2 68. Ra4 Kxa2 69. Rxa3+ Kxa3 70. b4 Kb3 71. b5 Kc4
72. b6 Kc5 73. Ka6 Kc6 74. Ka7 Kd7 75. b7 Kd6 {Time forfeit} 1/2-1/2

[Event "Rated Blitz tournament eUisp0Ym"]
[Site "?"]
[Date "2021.04.11"]
[Round "?"]
[White "FG-Panes111"]
[Black "om_gendut"]
[Result "0-1"]
[WhiteElo "2413"]
[BlackElo "2429"]
[PlyCount "78"]
[EventDate "2021.??.??"]
[EventType "blitz"]

1. e4 e5 2. Nf3 d5 3. exd5 e4 4. Qe2 Be7 5. Qxe4 Nf6 6. Qe2 O-O 7. d4 Re8 8.
Be3 Nxd5 9. Nbd2 Bb4 10. c3 Bf8 11. O-O-O Nc6 12. g3 Bf5 13. Re1 Qd7 14. Bg2
Ncb4 15. Qc4 Nd3+ 16. Kd1 Nxb2+ 17. Ke2 Nxc4 18. Nxc4 Nxc3+ 19. Kf1 Qb5 20.
Nfd2 Bd3+ 21. Kg1 Bxc4 22. h3 Bd5 23. Bf1 Qc6 24. Rh2 Ne4 25. Nf3 Bxa2 26. Ne5
Qf6 27. Bd3 Bd5 28. f4 Bd6 29. g4 c5 30. Rhe2 cxd4 31. Bxd4 Qxf4 32. Bxe4 Bxe5
33. Bxh7+ Kxh7 34. Bxe5 Qf3 35. Kh2 Rxe5 36. h4 Rxe2+ 37. Rxe2 Qxe2+ 38. Kg3
Qf3+ 39. Kh2 Qg2# {Normal} 0-1

[Event "Rated Blitz game"]
[Site "?"]
[Date "2021.04.11"]
[Round "?"]
[White "ksschach"]
[Black "batasjon"]
[Result "1-0"]
[WhiteElo "2420"]
[BlackElo "2278"]
[PlyCount "113"]
[EventDate "2021.??.??"]
[EventType "blitz"]

1. e4 e5 2. Nf3 d5 3. Nxe5 Bd6 4. d4 dxe4 5. Nc4 Nf6 6. Nc3 O-O 7. Bg5 Be7 8.
Qd2 Nc6 9. O-O-O Bg4 10. Be2 Bxe2 11. Nxe2 Qd5 12. b3 Rad8 13. Be3 b5 14. Nf4
Qf5 15. Nb2 Nxd4 16. Bxd4 c5 17. Ne2 cxd4 18. Nxd4 Qe5 19. c3 b4 20. Nc6 bxc3
21. Nxe5 cxd2+ 22. Rxd2 Bb4 23. Rxd8 Rxd8 24. Nbc4 Bc3 25. Nc6 Re8 26. Kc2 Re6
27. Rd1 g6 28. Nd8 Re8 29. Kxc3 Ng4 30. Rd7 Nxf2 31. Nxf7 e3 32. Nh6+ Kh8 33.
Nxe3 Rxe3+ 34. Kb4 a5+ 35. Kxa5 Re2 36. a4 Ne4 37. b4 Rxg2 38. Re7 Nd6 39. Nf7+
Nxf7 40. Rxf7 Rxh2 41. b5 Ra2 42. b6 Rb2 43. Ka6 g5 44. b7 g4 45. Rf8+ Kg7 46.
b8=Q Rxb8 47. Rxb8 h5 48. a5 g3 49. Rb1 h4 50. Rg1 Kf6 51. Kb6 Kf5 52. a6 Kf4
53. a7 h3 54. a8=Q h2 55. Qa4+ Kf5 56. Rf1+ Ke5 57. Qf4+ {Normal} 1-0

[Event "Rated Blitz game"]
[Site "?"]
[Date "2021.04.11"]
[Round "?"]
[White "girafik"]
[Black "KamranShirazi"]
[Result "1-0"]
[WhiteElo "2521"]
[BlackElo "2556"]
[PlyCount "87"]
[EventDate "2021.??.??"]
[EventType "blitz"]

1. e4 e5 2. Nf3 d5 3. Nxe5 Bd6 4. d4 dxe4 5. Nc4 Nf6 6. Nxd6+ cxd6 7. Be3 O-O
8. Be2 Nd5 9. O-O Qb6 10. b3 Nc6 11. c4 Nxe3 12. fxe3 f5 13. Nc3 Be6 14. d5
Qxe3+ 15. Kh1 Qxc3 16. dxc6 Qe5 17. cxb7 Rab8 18. Qd2 Rxb7 19. Rad1 Rd7 20. g3
g6 21. Qe3 Kg7 22. Rd4 Rfd8 23. Rfd1 h5 24. h4 d5 25. Qc3 Kg8 26. c5 f4 27. c6
f3 28. Bf1 Qxg3 29. cxd7 Qxh4+ 30. Kg1 Rxd7 31. R1d2 Rf7 32. Rh2 Qg3+ 33. Kh1
Rf5 34. Qe3 Rg5 35. Rb4 h4 36. Qxa7 Bh3 37. Rb8+ Qxb8 38. Qxb8+ Kg7 39. Rxh3
Rg4 40. Qc7+ Kh6 41. Qe5 g5 42. Rh2 Kh5 43. Rc2 Rf4 44. Bh3 {Time forfeit} 1-0

[Event "Rated Blitz game"]
[Site "?"]
[Date "2021.04.11"]
[Round "?"]
[White "Swop1107"]
[Black "walodelpalo"]
[Result "1-0"]
[WhiteElo "2514"]
[BlackElo "2324"]
[PlyCount "85"]
[EventDate "2021.??.??"]
[EventType "blitz"]

1. e4 e5 2. Nf3 d5 3. exd5 Bd6 4. d4 e4 5. Ne5 Nf6 6. Bc4 O-O 7. O-O Qe7 8. Bf4
Nbd7 9. Nxd7 Bxf4 10. Nxf6+ Qxf6 11. Nc3 e3 12. fxe3 Bxe3+ 13. Kh1 Qxd4 14.
Qxd4 Bxd4 15. Nb5 Bb6 16. Rae1 a6 17. Nc3 Bg4 18. h3 Bh5 19. Re7 Rfe8 20. d6
cxd6 21. Rxb7 Bd4 22. Bxf7+ Bxf7 23. Rbxf7 Bf6 24. Rb7 Rab8 25. Rb3 Rxb3 26.
axb3 Bxc3 27. bxc3 Re2 28. Rd1 Rxc2 29. c4 a5 30. Rxd6 a4 31. bxa4 Rxc4 32. a5
Ra4 33. a6 h6 34. Kg1 Kh7 35. Kf2 Ra2+ 36. Kf3 Ra3+ 37. Ke4 Ra2 38. g4 Ra3 39.
Kd5 Rxh3 40. Kc6 Rc3+ 41. Kb7 g6 42. Rd7+ Kg8 43. a7 {Normal} 1-0

[Event "Rated Blitz tournament XYzTiDMc"]
[Site "?"]
[Date "2021.04.11"]
[Round "?"]
[White "Westerbeck"]
[Black "Maltinho"]
[Result "0-1"]
[WhiteElo "2508"]
[BlackElo "2536"]
[PlyCount "28"]
[EventDate "2021.??.??"]
[EventType "blitz"]

1. e4 e5 2. Nf3 d5 3. Nxe5 Bd6 4. d4 dxe4 5. Bc4 Bxe5 6. Qh5 Qe7 7. Qxe5 Qxe5
8. dxe5 Nc6 9. Bf4 Nge7 10. Nc3 Ng6 11. Bg3 Ncxe5 12. Nxe4 Nxc4 13. O-O-O O-O
14. Bxc7 Be6 {Normal} 0-1

[Event "Rated Blitz tournament 2JFYm5ET"]
[Site "?"]
[Date "2021.04.11"]
[Round "?"]
[White "nobi49"]
[Black "dr_xStranger"]
[Result "0-1"]
[WhiteElo "2201"]
[BlackElo "2585"]
[PlyCount "108"]
[EventDate "2021.??.??"]
[EventType "blitz"]

1. e4 e5 2. Nf3 d5 3. Nxe5 Bd6 4. d4 dxe4 5. Bc4 Bxe5 6. dxe5 Qxd1+ 7. Kxd1 Nc6
8. Bf4 Nge7 9. Bg3 Ng6 10. e6 Bxe6 11. Bxe6 fxe6 12. Bxc7 Kd7 13. Bg3 Rad8 14.
c3 Kc8+ 15. Kc2 Rhf8 16. Nd2 h5 17. Nxe4 e5 18. h4 Nf4 19. Bxf4 Rxf4 20. f3 Kc7
21. Rad1 Rxd1 22. Kxd1 Rf8 23. Kc2 Rf4 24. Kd3 Ne7 25. Nc5 Kc6 26. b4 Rf6 27.
Ne4 Rg6 28. g3 Nf5 29. Ng5 Nxg3 30. Re1 Rd6+ 31. Kc4 Rd5 32. a4 a6 33. Nf7 b5+
34. axb5+ axb5+ 35. Kb3 Nf5 36. Rxe5 Nxh4 37. Re6+ Kd7 38. Re4 Nxf3 39. Rf4
Nd2+ 40. Kc2 Nc4 41. Nh8 g5 42. Rf7+ Kc6 43. Ng6 Rd6 44. Ne7+ Kc7 45. Nf5+ Rd7
46. Rf8 Rd2+ 47. Kc1 Rf2 48. Nd4 Rxf8 49. Ne6+ Kd6 50. Nxf8 h4 51. Ng6 h3 52.
Nh8 h2 53. Nf7+ Ke7 54. Nxg5 h1=Q+ {Normal} 0-1

[Event "Rated Blitz game"]
[Site "?"]
[Date "2021.04.11"]
[Round "?"]
[White "Ianniello"]
[Black "pasha1984"]
[Result "1-0"]
[WhiteElo "2365"]
[BlackElo "2416"]
[PlyCount "123"]
[EventDate "2021.??.??"]
[EventType "blitz"]

1. e4 e5 2. Nf3 d5 3. d3 dxe4 4. dxe4 Qxd1+ 5. Kxd1 Bg4 6. Be2 Nc6 7. c3 O-O-O+
8. Ke1 f5 9. Nbd2 f4 10. h3 Bxf3 11. Nxf3 h6 12. b3 g5 13. Bb2 Bg7 14. Rd1 Nf6
15. Bd3 Rd7 16. Bc2 Rxd1+ 17. Kxd1 Rd8+ 18. Ke2 Ne8 19. Rd1 Rxd1 20. Kxd1 Nd6
21. Ke2 Kd7 22. Kd3 Ke6 23. a3 Nf7 24. b4 Kf6 25. Bb3 Ncd8 26. c4 h5 27. c5 g4
28. hxg4 hxg4 29. Nd2 Ne6 30. Nc4 Nfg5 31. Na5 Nd8 32. b5 f3 33. gxf3 Nxf3 34.
Bd1 Kg5 35. Bxf3 gxf3 36. Bc1+ Kg4 37. Nc4 Ne6 38. Ne3+ Kh3 39. c6 bxc6 40.
bxc6 Nc5+ 41. Kc4 Nxe4 42. Nf5 Bf8 43. Be3 Bxa3 44. Kd5 Nc3+ 45. Kxe5 Nd1 46.
Bxa7 Kg2 47. Nh4+ Kf1 48. Nxf3 Nxf2 49. Bxf2 Kxf2 50. Ng5 Ke3 51. Ke6 Kd4 52.
Kd7 Bd6 53. Ne6+ Kd5 54. Nxc7+ Kc5 55. Na6+ Kd5 56. Nb4+ Kc5 57. Nd3+ Kd5 58.
Nf2 Bg3 59. Ng4 Kc5 60. Nf6 Kb6 61. Ne4 Bh2 62. Nd6 {Normal} 1-0

[Event "Rated Blitz tournament 8oXavcq8"]
[Site "?"]
[Date "2021.04.11"]
[Round "?"]
[White "Halis_aslanhan"]
[Black "Akbas_Kaan"]
[Result "0-1"]
[WhiteElo "2229"]
[BlackElo "2430"]
[PlyCount "46"]
[EventDate "2021.??.??"]
[EventType "blitz"]

1. e4 e5 2. Nf3 d5 3. exd5 e4 4. Qe2 Nf6 5. d3 Be7 6. dxe4 O-O 7. Nc3 Bb4 8.
Bd2 Bxc3 9. Bxc3 Re8 10. Bxf6 Qxf6 11. O-O-O Bf5 12. Nd2 c6 13. dxc6 Nxc6 14.
f3 Rac8 15. Qb5 Nd4 16. Qxb7 Rxc2+ 17. Kb1 Qe5 18. exf5 Rb8 19. Nc4 Rxb7 20.
Nxe5 Rbxb2+ 21. Ka1 Rxa2+ 22. Kb1 Rab2+ 23. Ka1 Nb3# {Normal} 0-1

[Event "Rated Blitz game"]
[Site "?"]
[Date "2021.04.11"]
[Round "?"]
[White "shackrose"]
[Black "Dzon_Vejn"]
[Result "1/2-1/2"]
[WhiteElo "2446"]
[BlackElo "2413"]
[PlyCount "97"]
[EventDate "2021.??.??"]
[EventType "blitz"]

1. e4 e5 2. Nf3 d5 3. d3 dxe4 4. dxe4 Qxd1+ 5. Kxd1 Bg4 6. Be3 Nc6 7. Nbd2
O-O-O 8. c3 Nf6 9. Kc2 Nd7 10. b4 f5 11. Ng5 f4 12. Nf7 fxe3 13. fxe3 Be7 14.
Nxh8 Rxh8 15. h3 Be6 16. Bd3 Rf8 17. Nf3 a5 18. a3 a4 19. Raf1 Kd8 20. Nd2 Na7
21. c4 b6 22. Kc3 Ke8 23. Rxf8+ Nxf8 24. Rf1 Nd7 25. Rf3 c6 26. Bc2 b5 27. c5
Nc8 28. Nf1 Bf6 29. Ng3 g6 30. Ne2 Kf7 31. g4 Kg7 32. Ng3 Ne7 33. Nf5+ gxf5 34.
exf5 Bd5 35. e4 Bc4 36. Bd3 Bxd3 37. Rxd3 Nf8 38. Rd6 h6 39. Kd3 Kf7 40. Ke2
Nh7 41. Ke3 Ng5 42. h4 Nh3 43. h5 Nf4 44. Kf3 Bg5 45. Rd1 Nh3 46. Kg3 Nf4 47.
Kf3 Bf6 48. Rd2 Bg5 49. Rd1 {Normal} 1/2-1/2

[Event "Rated Blitz tournament ana6I2oS"]
[Site "?"]
[Date "2021.04.11"]
[Round "?"]
[White "babakaris"]
[Black "Korshun_2022"]
[Result "1-0"]
[WhiteElo "2508"]
[BlackElo "2317"]
[PlyCount "61"]
[EventDate "2021.??.??"]
[EventType "blitz"]

1. e4 e5 2. Nf3 d5 3. Nxe5 Bd6 4. d4 dxe4 5. Bc4 Bxe5 6. Qh5 Qe7 7. dxe5 Nc6 8.
Bg5 Qb4+ 9. Nd2 Nxe5 10. O-O-O Bg4 11. Bxf7+ Kf8 12. Qh4 Bxd1 13. Bb3 Bg4 14.
f4 e3 15. fxe5 Qxd2+ 16. Kb1 Qxg2 17. Rc1 e2 18. e6 Re8 19. h3 Bxe6 20. Qf4+
Nf6 21. Bxf6 Kg8 22. Bc3 Bxb3 23. axb3 h6 24. Qd4 Kh7 25. Rg1 Qxg1+ 26. Qxg1
Re7 27. Ka2 Rf8 28. Qc5 Rff7 29. Qc4 e1=Q 30. Bxe1 Rxe1 31. Qxf7 {Normal} 1-0

[Event "Rated Blitz tournament 8oXavcq8"]
[Site "?"]
[Date "2021.04.11"]
[Round "?"]
[White "verybadplayer777"]
[Black "dr_xStranger"]
[Result "0-1"]
[WhiteElo "2372"]
[BlackElo "2550"]
[PlyCount "92"]
[EventDate "2021.??.??"]
[EventType "blitz"]

1. e4 e5 2. Nf3 d5 3. exd5 e4 4. Ne5 Qxd5 5. d4 exd3 6. Nxd3 Nf6 7. Nc3 Qd8 8.
Bf4 Be7 9. Be2 O-O 10. Qd2 Nc6 11. Bf3 Be6 12. Bxc6 bxc6 13. O-O Bd6 14. Rad1
Re8 15. Rfe1 Qc8 16. Bxd6 cxd6 17. Nf4 d5 18. Nxe6 fxe6 19. Qd4 Qc7 20. Qe5
Qxe5 21. Rxe5 Nd7 22. Re2 Rab8 23. b3 e5 24. a4 Nf6 25. f3 Kf7 26. Kf2 Rbd8 27.
h4 h5 28. Red2 Kg6 29. Ne2 e4 30. Rd4 Kf5 31. Ng3+ Ke5 32. fxe4 Rf8 33. exd5
cxd5 34. Ke2 g6 35. Nf1 Ne4 36. Ne3 Nc3+ 37. Kd3 Nxd1 38. Nxd1 Rf4 39. Rxf4
Kxf4 40. Nc3 Kg3 41. Kd4 Kxh4 42. Nxd5 Kg3 43. c4 h4 44. c5 g5 45. c6 Kxg2 46.
c7 Rc8 {Normal} 0-1